000 00679nam a22002057a 4500
999 _c7668
_d7668
003 OSt
005 20220203105313.0
008 220203b ||||| |||| 00| 0 eng d
020 _a9780415772037
040 _cDDC
082 _a382 FAI 2007
100 _aedited by Laura T. Raynolds: Douglas L. Murray: John, Wilkinson
_915673
245 _aFair trade :
_bthe challenges of transforming globalization
260 _aNew York :
_b Routledge;
_c 2007
300 _axiii, 240 pages :
_b illustrations ;
_c24 cm
504 _aIncludes bibliographical references and index
650 _aInternational trade.
_91473
650 _aCompetition, Unfair.
_915674
942 _2ddc
_cBOOK